000 01924cam a22003974a 4500
001 16279308
005 20170105102854.0
008 100611s2011 pauab b s001 0 eng
010 _a 2010023080
020 _a9780812243024 (hardcover : alk. paper)
020 _a0812243021 (hardcover : alk. paper)
035 _a(OCoLC)ocn642351521
040 _aDLC
_cDLC
_dYDX
_dYDXCP
_dBWX
_dCDX
_dDLC
042 _apcc
043 _ae-sp---
050 0 0 _aDP302.G39
_bO58 2011
082 0 0 _a946.02
_222
100 1 _aO'Callaghan, Joseph F.
245 1 4 _aThe Gibraltar crusade :
_bCastile and the battle for the Strait /
_cJoseph F. O'Callaghan.
260 _aPhiladelphia :
_bUniversity of Pennsylvania Press,
_cc2011.
300 _aviii, 376 p. :
_bill., map ;
_c24 cm.
490 1 _aThe Middle Ages series
504 _aIncludes bibliographical references (p. [271]-364) and index.
505 0 _aSpain and the Strait of Gibraltar -- Alfonso X's African crusade -- The crusade against the Mudéjars -- The crusade against the Marinids -- Sancho IV and the conquest of Tarifa -- The crusades of Gibraltar, Almaería, and Algeciras -- The early crusades of Alfonso XI's reign -- The loss of Gibraltar and the crusade of Salado -- The crusade of Algeciras and Gibraltar -- Waging the crusade of Gibraltar -- The aftermath : the Strait of Gibraltar to 1492.
650 0 _aCrusades
_y13th-15th centuries.
651 0 _aGibraltar, Strait of
_xStrategic aspects.
651 0 _aGibraltar, Strait of
_xHistory, Military.
651 0 _aCastile (Spain)
_xHistory, Military.
651 0 _aSpain
_xHistory
_y711-1516.
651 0 _aMorocco
_xHistory, Military.
651 0 _aGranada (Kingdom)
_xHistory, Military.
830 0 _aMiddle Ages series.
906 _a7
_bcbc
_corignew
_d1
_eecip
_f20
_gy-gencatlg
942 _2ddc
_cBK
999 _c14408
_d14408